| Tag |
First Indicator |
Second Indicator |
Subfields |
| LEADER |
00000cam a22000005a 4500 |
| 001 |
in00000085138 |
| 005 |
20151008055752.0 |
| 008 |
810624s1980 onca b 00000 fre d |
| 020 |
|
|
|a 2760346528
|
| 035 |
|
|
|a (OCoLC)07526859
|
| 035 |
|
|
|9 AAJ4334AM
|
| 040 |
|
|
|a GSU
|c GSU
|d TXA
|d UtOrBLW
|
| 041 |
0 |
|
|a fre
|a eng
|
| 049 |
|
|
|a TXAM
|c [1804403]
|
| 090 |
|
|
|a P306
|b .D45
|
| 100 |
1 |
|
|a Delisle, Jean.
|
| 245 |
1 |
2 |
|a L'analyse du discours comme methode de traduction :
|b initiation a la traduction francaise de textes pragmatiques anglais : theorie et pratique /
|c Jean Delisle ; preface de Danica Seleskovitch.
|
| 264 |
|
1 |
|a Ottawa, Canada :
|b Editions de l'Universite d'Ottawa :
|b University of Ottawa Press,
|c 1980.
|
| 300 |
|
|
|a 282 pages :
|b illustrations ;
|c 23 cm.
|
| 336 |
|
|
|a text
|b txt
|2 rdacontent
|
| 337 |
|
|
|a unmediated
|b n
|2 rdamedia
|
| 338 |
|
|
|a volume
|b nc
|2 rdacarrier
|
| 490 |
1 |
|
|a Cahiers de traductologie ;
|v no. 2
|
| 504 |
|
|
|a Bibliography: pages [267]-277.
|
| 650 |
|
0 |
|a Translating and interpreting.
|
| 830 |
|
0 |
|a Cahiers de traductologie ;
|v no 2.
|
| 999 |
|
|
|a MARS
|
| 999 |
f |
f |
|s c28cacf0-d88c-30f9-8d3d-3a13fa02d6ab
|i 61cf506d-5c7d-3059-afc1-9d8586a7966c
|t 0
|
| 952 |
f |
f |
|p ric
|a Texas A&M University
|b Rellis Campus
|c Joint Library Facility
|s JLF
|d Remote Storage
|t 0
|e P306 .D45
|h Library of Congress classification
|i unmediated -- volume
|m A14806172470
|
| 998 |
f |
f |
|a P306 .D45
|t 0
|l Remote Storage
|